| 000 | 01905nam0a2200337 4500 | ||
|---|---|---|---|
| 001 | RU\NLR\BIBL_A\022096651 | ||
| 005 | 20250625120541.0 | ||
| 010 |
_a978-5-7782-5025-3 _914 |
||
| 035 | _a(NLR Aleph) 022096651 | ||
| 090 |
_a12733252 _c12733252 |
||
| 100 | _a20231214d2023 |||y0rusy50 ca | ||
| 101 | 0 |
_arus _aeng |
|
| 102 | _aRU | ||
| 105 | _aa|||j|||000yy | ||
| 181 | 0 |
_ai _baxxe |
|
| 182 | 0 | _an | |
| 200 | 1 |
_aАнглийский язык для теплоэнергетиков _dEnglish for thermal power engineers _eучебник _eдля студентов технических факультетов, обучающихся по направлению подготовки 13.03.01 "Теплоэнергетика и теплотехника" _fЛ. И. Толстоброва, А. А. Глибина _gМинистерство науки и высшего образования Российской Федерации, Новосибирский государственный технический университет _zeng |
|
| 203 |
_aТекст _bвизуальный _cнепосредственный |
||
| 210 |
_aНовосибирск _cИзд-во НГТУ _d2023 |
||
| 215 |
_a196, [1] с. _cил., табл. _d25 |
||
| 320 | _aБиблиогр.: с. 194-195 (35 назв.) | ||
| 510 | 1 |
_6z77790 _aEnglish for thermal power engineers _zeng |
|
| 606 | 1 |
_aАнглийский язык _xУчебные издания для энергетиков _92434789 _3RU\NLR\AUTH\661448931 |
|
| 686 | 1 | _aШ143.21-93рус328.71 | |
| 700 | 1 |
_aТолстоброва _bЛ. И. _gЛюдмила Иннокентьевна |
|
| 701 | 1 |
_aГлибина _bА. А. _gАнна Алексеевна |
|
| 790 | 1 |
_6z77 _aTolstobrova _bL. I. _gLjudmila Innokent'evna |
|
| 790 | 1 |
_6z77 _6z77510 _aGlibina _bA. A. _gAnna Alekseevna |
|
| 942 | _cBOOK | ||
| 980 | _aNB | ||